<?xml version="1.0" encoding="UTF-8"?>
<collection xmlns="http://www.loc.gov/MARC21/slim">
    <record>
        <controlfield tag="001">89179</controlfield>
        <controlfield tag="005">20200514105026.0</controlfield>
        <datafield tag="037" ind1=" " ind2=" ">
            <subfield code="a">TAZ-TFG-2018-650</subfield>
        </datafield>
        <datafield tag="041" ind1=" " ind2=" ">
            <subfield code="a">spa</subfield>
        </datafield>
        <datafield tag="100" ind1="1" ind2=" ">
            <subfield code="a">Fernández González de la Riva, Maria Luisa.</subfield>
        </datafield>
        <datafield tag="242" ind1="0" ind2="0">
            <subfield code="a">Nursing care for the patient with spasmodic dysphony or dystonia laringea</subfield>
        </datafield>
        <datafield tag="245" ind1="0" ind2="0">
            <subfield code="a">Cuidados de enfermería al paciente con disfonía espasmódica o distonía laríngea</subfield>
        </datafield>
        <datafield tag="260" ind1=" " ind2=" ">
            <subfield code="a">Zaragoza</subfield>
            <subfield code="b">Universidad de Zaragoza</subfield>
            <subfield code="c">2018</subfield>
        </datafield>
        <datafield tag="506" ind1=" " ind2=" ">
            <subfield code="a">by-nc-sa</subfield>
            <subfield code="b">Creative Commons</subfield>
            <subfield code="c">3.0</subfield>
            <subfield code="u">http://creativecommons.org/licenses/by-nc-sa/3.0/</subfield>
        </datafield>
        <datafield tag="520" ind1=" " ind2=" ">
            <subfield code="a">Introducción/justificación: La disfonía espasmódica (DE) es una enfermedad rara que se caracteriza por movimientos espasmódicos de las cuerdas vocales. Se trata de un trastorno de difícil diagnóstico y cuyo tratamiento sólo mejora temporalmente los síntomas. Constituye un proceso complicado en el que se producen repercusiones sobre todo a nivel psicológico y social. En consecuencia, la función de enfermería plantea un papel decisivo en la mejora del afrontamiento, la estabilización emocional y la readaptación con el entorno. El presente Trabajo de Fin de Grado consta de un Plan de Cuidados Enfermero a una paciente recientemente diagnosticada de disfonía espasmódica de larga evolución.&lt;br />Objetivos: Determinar un Plan de Cuidados orientado a proporcionar ayuda y apoyo psicosocial a un paciente de DE, a través del diseño e implantación de un Proceso de Atención de Enfermería, en el área de Atención Primaria.&lt;br />Metodología: Trabajo basado en una revisión bibliográfica en distintas fuentes de información como bases de datos, asociaciones, uso de escalas de valoración, todo ello realizado mediante la metodología científica enfermera. Se realiza un Plan de Cuidados comenzando con una valoración integral siguiendo los Patrones Funcionales de salud de Marjory Gordon, para posteriormente nombrar los diagnósticos enfermeros, objetivos e intervenciones con la taxonomía enfermera NANDA, NOC, NIC.&lt;br />Conclusión:. Tras la realización de las actividades programadas, se podrá conseguir los objetivos planteados en nuestro plan de cuidados, centrándose estos en la formación al paciente y su entorno, el apoyo psicosocial, el afrontamiento de la enfermedad con el fin de recuperar el bienestar del paciente.&lt;br /></subfield>
        </datafield>
        <datafield tag="521" ind1=" " ind2=" ">
            <subfield code="a">Graduado en Enfermería</subfield>
        </datafield>
        <datafield tag="540" ind1=" " ind2=" ">
            <subfield code="a">Derechos regulados por licencia Creative Commons</subfield>
        </datafield>
        <datafield tag="653" ind1="1" ind2=" ">
            <subfield code="a">Disfonía</subfield>
        </datafield>
        <datafield tag="653" ind1="1" ind2=" ">
            <subfield code="a">Distonía laríngea</subfield>
        </datafield>
        <datafield tag="653" ind1="1" ind2=" ">
            <subfield code="a">Plan de cuidados enfermero</subfield>
        </datafield>
        <datafield tag="653" ind1="1" ind2=" ">
            <subfield code="a">Cuidados de enfermería</subfield>
        </datafield>
        <datafield tag="700" ind1=" " ind2=" ">
            <subfield code="a">Ruidíaz Peña, Mercedes</subfield>
            <subfield code="e">dir.</subfield>
        </datafield>
        <datafield tag="710" ind1="2" ind2=" ">
            <subfield code="a">Universidad de Zaragoza</subfield>
            <subfield code="b">Fisiatría y Enfermería</subfield>
            <subfield code="c">Enfermería</subfield>
        </datafield>
        <datafield tag="856" ind1="0" ind2=" ">
            <subfield code="f">704888@celes.unizar.es</subfield>
        </datafield>
        <datafield tag="856" ind1="4" ind2=" ">
            <subfield code="s">1849784</subfield>
            <subfield code="u">http://zaguan.unizar.es/record/89179/files/TAZ-TFG-2018-650.pdf</subfield>
            <subfield code="y">Memoria (spa)</subfield>
        </datafield>
        <datafield tag="909" ind1="C" ind2="O">
            <subfield code="o">oai:zaguan.unizar.es:89179</subfield>
            <subfield code="p">driver</subfield>
            <subfield code="p">trabajos-fin-grado</subfield>
        </datafield>
        <datafield tag="950" ind1=" " ind2=" ">
            <subfield code="a"></subfield>
        </datafield>
        <datafield tag="951" ind1=" " ind2=" ">
            <subfield code="a">deposita:2020-05-13</subfield>
        </datafield>
        <datafield tag="980" ind1=" " ind2=" ">
            <subfield code="a">TAZ</subfield>
            <subfield code="b">TFG</subfield>
            <subfield code="c">EUCS</subfield>
        </datafield>
        <datafield tag="999" ind1=" " ind2=" ">
            <subfield code="a">20180523150522.CREATION_DATE</subfield>
        </datafield>
    </record>

    
</collection>